[Event "World Chess Olympiad 2018"]
[Site "Batumi"]
[Date "2018.09.28"]
[Round "5"]
[Board "4"]
[WhiteFideId "14907526"]
[White "Michalik Peter"]
[BlackFideId "8601445"]
[Black "Bu Xiangzhi"]
[Result "1/2-1/2"]
[LiveChessVersion "1.4.8"]
[BlackElo "2712"]
[WhiteElo "2556"]

1. d4 {[%clk 1:30:57]} d5 {[%clk 1:30:53]} 2. c4 {[%clk 1:31:15]} c6
{[%clk 1:31:20]} 3. Nf3 {[%clk 1:31:36]} Nf6 {[%clk 1:31:48]} 4. Nc3
{[%clk 1:31:58]} dxc4 {[%clk 1:31:01]} 5. a4 {[%clk 1:32:20]} Bf5
{[%clk 1:31:22]} 6. Ne5 {[%clk 1:32:30]} Nbd7 {[%clk 1:31:33]} 7. Nxc4
{[%clk 1:32:50]} Nb6 {[%clk 1:31:57]} 8. Ne5 {[%clk 1:33:11]} a5 {[%clk 1:31:30]}
9. e3 {[%clk 1:32:57]} g6 {[%clk 1:28:31]} 10. Bd3 {[%clk 1:32:13]} Be6
{[%clk 1:26:20]} 11. O-O {[%clk 1:30:20]} Bg7 {[%clk 1:26:37]} 12. Nf3
{[%clk 1:23:14]} Bg4 {[%clk 1:19:29]} 13. Be2 {[%clk 1:18:47]} Nbd5
{[%clk 1:03:25]} 14. Nxd5 {[%clk 1:13:53]} Nxd5 {[%clk 0:58:35]} 15. Bd2
{[%clk 1:02:12]} O-O {[%clk 0:55:13]} 16. h3 {[%clk 0:57:50]} Bxf3
{[%clk 0:41:13]} 17. Bxf3 {[%clk 0:56:51]} e5 {[%clk 0:40:02]} 18. dxe5
{[%clk 0:52:36]} Bxe5 {[%clk 0:40:29]} 19. Qb3 {[%clk 0:52:56]} Nb4
{[%clk 0:40:38]} 20. Bxb4 {[%clk 0:47:19]} Qb6 {[%clk 0:39:50]} 21. Rad1
{[%clk 0:46:38]} Qxb4 {[%clk 0:36:05]} 22. Qxb4 {[%clk 0:46:47]} axb4
{[%clk 0:36:32]} 23. b3 {[%clk 0:40:37]} Rfd8 {[%clk 0:36:48]} 24. Rxd8+
{[%clk 0:41:00]} Rxd8 {[%clk 0:37:16]} 25. Rd1 {[%clk 0:41:24]} Rxd1+
{[%clk 0:36:08]} 26. Bxd1 {[%clk 0:41:49]} Kf8 {[%clk 0:36:29]} 27. Kf1
{[%clk 0:42:13]} Ke7 {[%clk 0:36:54]} 28. Ke2 {[%clk 0:42:39]} Kd6
{[%clk 0:36:53]} 29. Kd3 {[%clk 0:42:58]} b6 {[%clk 0:33:38]} 30. Be2
{[%clk 0:35:53]} Bc3 {[%clk 0:29:34]} 1/2-1/2

[Event "World Chess Olympiad 2018"]
[Site "Batumi"]
[Date "2018.09.28"]
[Round "5"]
[Board "1"]
[WhiteFideId "2020009"]
[White "Caruana Fabiano"]
[BlackFideId "2805677"]
[Black "Gelfand Boris"]
[Result "1-0"]
[LiveChessVersion "1.4.8"]
[BlackElo "2703"]
[WhiteElo "2827"]

1. e4 {[%clk 1:30:57]} c5 {[%clk 1:30:57]} 2. Nf3 {[%clk 1:31:23]} Nc6
{[%clk 1:31:25]} 3. Bb5 {[%clk 1:31:47]} g6 {[%clk 1:31:50]} 4. Bxc6
{[%clk 1:32:07]} dxc6 {[%clk 1:32:12]} 5. d3 {[%clk 1:32:13]} Bg7
{[%clk 1:32:36]} 6. h3 {[%clk 1:32:32]} Nf6 {[%clk 1:32:51]} 7. Nc3
{[%clk 1:32:52]} O-O {[%clk 1:32:59]} 8. O-O {[%clk 1:33:06]} Ne8
{[%clk 1:32:19]} 9. Be3 {[%clk 1:31:38]} b6 {[%clk 1:31:46]} 10. e5
{[%clk 1:31:34]} f6 {[%clk 1:08:46]} 11. Re1 {[%clk 1:20:48]} Nc7
{[%clk 1:08:55]} 12. Qd2 {[%clk 1:13:25]} fxe5 {[%clk 0:58:12]} 13. Bh6
{[%clk 1:08:10]} Rxf3 {[%clk 0:57:54]} 14. Bxg7 {[%clk 1:04:45]} Kxg7
{[%clk 0:56:02]} 15. gxf3 {[%clk 1:05:09]} Bxh3 {[%clk 0:52:49]} 16. Rxe5
{[%clk 0:47:55]} e6 {[%clk 0:52:05]} 17. Rg5 {[%clk 0:41:44]} Qf6
{[%clk 0:42:45]} 18. Rg3 {[%clk 0:33:23]} Bf5 {[%clk 0:42:51]} 19. Kg2
{[%clk 0:33:21]} h5 {[%clk 0:30:30]} 20. Rh1 {[%clk 0:32:52]} Rh8
{[%clk 0:23:51]} 21. Ne4 {[%clk 0:28:34]} Qxb2 {[%clk 0:23:54]} 22. Qf4
{[%clk 0:16:45]} Nd5 {[%clk 0:23:43]} 23. Qd6 {[%clk 0:16:59]} e5
{[%clk 0:19:33]} 24. Rh4 {[%clk 0:11:58]} Qd4 {[%clk 0:11:52]} 25. Kg1
{[%clk 0:12:18]} Rf8 {[%clk 0:07:00]} 26. Rxh5 {[%clk 0:10:29]} Bxe4
{[%clk 0:05:39]} 27. Qd7+ {[%clk 0:09:39]} Kf6 {[%clk 0:06:00]} 28. Qxc6+
{[%clk 0:08:32]} Kg7 {[%clk 0:06:03]} 29. Qd7+ {[%clk 0:08:34]} Kf6
{[%clk 0:06:30]} 30. fxe4 {[%clk 0:06:48]} Nf4 {[%clk 0:06:15]} 31. Rf5+
{[%clk 0:06:49]} gxf5 {[%clk 0:06:41]} 32. Qxf5+ {[%clk 0:07:08]} Ke7
{[%clk 0:07:08]} 33. Rg7+ {[%clk 0:07:33]} 1-0

[Event "World Chess Olympiad 2018"]
[Site "Batumi"]
[Date "2018.09.28"]
[Round "5"]
[Board "2"]
[WhiteFideId "2806851"]
[White "Rodshtein Maxim"]
[BlackFideId "5202213"]
[Black "So Wesley"]
[Result "1/2-1/2"]
[LiveChessVersion "1.4.8"]
[BlackElo "2776"]
[WhiteElo "2674"]

1. d4 {[%clk 1:30:55]} Nf6 {[%clk 1:30:53]} 2. c4 {[%clk 1:31:18]} e6
{[%clk 1:31:19]} 3. g3 {[%clk 1:31:28]} d5 {[%clk 1:31:45]} 4. Bg2
{[%clk 1:31:48]} Be7 {[%clk 1:32:09]} 5. Nf3 {[%clk 1:31:51]} O-O
{[%clk 1:32:32]} 6. O-O {[%clk 1:32:08]} dxc4 {[%clk 1:32:57]} 7. Qc2
{[%clk 1:32:29]} a6 {[%clk 1:33:22]} 8. a4 {[%clk 1:32:47]} c5 {[%clk 1:33:47]}
9. dxc5 {[%clk 1:28:55]} Bxc5 {[%clk 1:34:11]} 10. Nbd2 {[%clk 1:21:20]} b5
{[%clk 1:34:25]} 11. Ng5 {[%clk 1:15:59]} Ra7 {[%clk 1:34:45]} 12. Nde4
{[%clk 1:16:07]} Nxe4 {[%clk 1:35:09]} 13. Qxe4 {[%clk 1:10:04]} f5
{[%clk 1:35:23]} 14. Qc2 {[%clk 1:09:35]} h6 {[%clk 1:14:48]} 15. Nf3
{[%clk 1:01:42]} Bb7 {[%clk 1:15:09]} 16. b3 {[%clk 0:47:27]} Be4
{[%clk 1:06:07]} 17. Qc3 {[%clk 0:47:52]} Bxf3 {[%clk 0:59:44]} 18. Qxf3
{[%clk 0:48:01]} b4 {[%clk 0:55:47]} 19. bxc4 {[%clk 0:48:15]} a5
{[%clk 0:56:08]} 20. Bb2 {[%clk 0:45:28]} Bd4 {[%clk 0:49:07]} 21. Rfd1
{[%clk 0:26:23]} Rd7 {[%clk 0:49:16]} 22. Bxd4 {[%clk 0:26:48]} Rxd4
{[%clk 0:49:42]} 23. Rdc1 {[%clk 0:27:14]} e5 {[%clk 0:42:55]} 24. Qb7
{[%clk 0:22:03]} e4 {[%clk 0:42:13]} 25. c5 {[%clk 0:20:45]} Qd5 {[%clk 0:38:42]}
26. Qxd5+ {[%clk 0:06:55]} Rxd5 {[%clk 0:39:11]} 27. c6 {[%clk 0:06:54]} Rc8
{[%clk 0:37:55]} 28. c7 {[%clk 0:07:05]} Nd7 {[%clk 0:37:20]} 29. Rc6
{[%clk 0:06:33]} Nc5 {[%clk 0:18:03]} 30. f3 {[%clk 0:06:11]} Nb3
{[%clk 0:18:04]} 31. fxe4 {[%clk 0:05:53]} Rd7 {[%clk 0:13:51]} 32. Re1
{[%clk 0:04:37]} Rdxc7 {[%clk 0:09:52]} 33. Ra6 {[%clk 0:04:58]} Rc5
{[%clk 0:06:26]} 34. exf5 {[%clk 0:05:08]} Nd4 {[%clk 0:05:28]} 35. g4
{[%clk 0:04:20]} Re5 {[%clk 0:05:56]} 36. Kf2 {[%clk 0:03:26]} Rc2
{[%clk 0:05:53]} 37. Bf3 {[%clk 0:02:47]} b3 {[%clk 0:05:57]} 38. Rd6
{[%clk 0:01:50]} Nxf3 {[%clk 0:04:25]} 39. Kxf3 {[%clk 0:02:16]} b2
{[%clk 0:04:54]} 40. Rb6 {[%clk 0:31:16]} Rc1 {[%clk 0:31:11]} 41. Kf2
{[%clk 0:31:34]} Re4 {[%clk 0:20:09]} 42. Rxb2 {[%clk 0:30:22]} Rxe1
{[%clk 0:20:24]} 43. Kxe1 {[%clk 0:30:49]} Rxg4 {[%clk 0:20:53]} 44. Rb5
{[%clk 0:26:12]} Rxa4 {[%clk 0:21:07]} 45. Kf2 {[%clk 0:26:25]} Ra2
{[%clk 0:19:23]} 46. Kf3 {[%clk 0:25:50]} a4 {[%clk 0:19:47]} 47. Ra5
{[%clk 0:25:52]} a3 {[%clk 0:20:12]} 48. Ra7 {[%clk 0:23:46]} Ra1
{[%clk 0:19:45]} 49. Kf4 {[%clk 0:19:17]} a2 {[%clk 0:10:17]} 50. Ke5
{[%clk 0:19:27]} Rh1 {[%clk 0:08:58]} 51. Rxa2 {[%clk 0:19:50]} Rxh2
{[%clk 0:09:27]} 52. f6 {[%clk 0:18:55]} 1/2-1/2

[Event "World Chess Olympiad 2018"]
[Site "Batumi"]
[Date "2018.09.28"]
[Round "5"]
[Board "4"]
[WhiteFideId "2802007"]
[White "Sutovsky Emil"]
[BlackFideId "2004887"]
[Black "Shankland Samuel"]
[Result "1-0"]
[LiveChessVersion "1.4.8"]
[BlackElo "2722"]
[WhiteElo "2633"]

1. e4 {[%clk 1:30:57]} c6 {[%clk 1:30:51]} 2. d4 {[%clk 1:31:14]} d5
{[%clk 1:31:18]} 3. Nc3 {[%clk 1:30:58]} dxe4 {[%clk 1:31:42]} 4. Nxe4
{[%clk 1:31:24]} Bf5 {[%clk 1:32:09]} 5. Ng3 {[%clk 1:31:46]} Bg6
{[%clk 1:32:35]} 6. h4 {[%clk 1:31:25]} h6 {[%clk 1:33:01]} 7. Nf3
{[%clk 1:31:34]} e6 {[%clk 1:32:22]} 8. Ne5 {[%clk 1:31:22]} Bh7 {[%clk 1:32:48]}
9. Bd3 {[%clk 1:31:44]} Bxd3 {[%clk 1:33:13]} 10. Qxd3 {[%clk 1:32:09]} Nd7
{[%clk 1:33:39]} 11. Bf4 {[%clk 1:32:07]} Nxe5 {[%clk 1:33:58]} 12. Bxe5
{[%clk 1:32:32]} Qa5+ {[%clk 1:34:22]} 13. c3 {[%clk 1:32:50]} Nf6
{[%clk 1:34:50]} 14. O-O {[%clk 1:32:43]} Ng4 {[%clk 1:35:00]} 15. Rad1
{[%clk 1:25:52]} Nxe5 {[%clk 1:32:14]} 16. dxe5 {[%clk 1:26:10]} Rd8
{[%clk 1:32:42]} 17. Qxd8+ {[%clk 1:26:24]} Qxd8 {[%clk 1:33:10]} 18. Rxd8+
{[%clk 1:26:48]} Kxd8 {[%clk 1:33:28]} 19. Rd1+ {[%clk 1:27:16]} Kc7
{[%clk 1:32:18]} 20. Rd3 {[%clk 1:20:53]} Be7 {[%clk 1:26:51]} 21. Rf3
{[%clk 1:18:02]} Rf8 {[%clk 1:21:55]} 22. Nh5 {[%clk 1:17:23]} g6
{[%clk 1:18:55]} 23. Nf6 {[%clk 1:14:05]} Bxf6 {[%clk 1:13:50]} 24. Rxf6
{[%clk 1:14:31]} Kd7 {[%clk 1:13:27]} 25. h5 {[%clk 1:08:29]} gxh5
{[%clk 1:13:51]} 26. Rxh6 {[%clk 1:07:58]} Ke7 {[%clk 1:14:08]} 27. Rxh5
{[%clk 1:01:10]} Rd8 {[%clk 1:14:32]} 28. Rh4 {[%clk 0:55:57]} Rd1+
{[%clk 1:14:55]} 29. Kh2 {[%clk 0:56:26]} Rd2 {[%clk 1:15:19]} 30. Rb4
{[%clk 0:53:26]} b5 {[%clk 1:15:44]} 31. f4 {[%clk 0:44:06]} a5 {[%clk 1:13:34]}
32. Rb3 {[%clk 0:42:57]} a4 {[%clk 1:13:29]} 33. Rb4 {[%clk 0:43:25]} a3
{[%clk 1:13:46]} 34. bxa3 {[%clk 0:43:50]} Rxa2 {[%clk 1:14:12]} 35. Rb3
{[%clk 0:44:12]} Rc2 {[%clk 1:08:28]} 36. Kg3 {[%clk 0:39:14]} Kf8
{[%clk 1:07:29]} 37. Kf3 {[%clk 0:39:32]} c5 {[%clk 1:07:47]} 38. Ke4
{[%clk 0:37:02]} c4 {[%clk 1:00:08]} 39. Rxb5 {[%clk 0:35:24]} Rxc3
{[%clk 1:00:37]} 40. a4 {[%clk 1:05:26]} Ra3 {[%clk 1:16:24]} 41. a5
{[%clk 0:51:24]} c3 {[%clk 1:10:11]} 42. Kd3 {[%clk 0:51:39]} Kg7
{[%clk 1:10:39]} 43. g4 {[%clk 0:47:04]} Kg6 {[%clk 1:10:27]} 44. Kc2
{[%clk 0:40:53]} Kh6 {[%clk 1:10:10]} 45. Rb7 {[%clk 0:40:43]} Kg6
{[%clk 1:09:32]} 46. Rb5 {[%clk 0:32:58]} Kh6 {[%clk 1:09:36]} 47. Rb7
{[%clk 0:30:11]} Kg6 {[%clk 1:10:01]} 48. Ra7 {[%clk 0:30:38]} Ra4
{[%clk 1:10:12]} 49. a6 {[%clk 0:29:27]} Rxf4 {[%clk 1:10:17]} 50. Ra8
{[%clk 0:28:10]} Ra4 {[%clk 1:07:14]} 51. a7 {[%clk 0:16:47]} Kg7
{[%clk 1:07:31]} 52. Kxc3 {[%clk 0:17:15]} Ra1 {[%clk 0:56:58]} 53. g5
{[%clk 0:17:39]} Kh7 {[%clk 0:48:51]} 54. Kc4 {[%clk 0:17:49]} Ra2
{[%clk 0:46:20]} 55. Kc5 {[%clk 0:18:10]} Ra6 {[%clk 0:46:43]} 56. Kb5
{[%clk 0:18:36]} Ra1 {[%clk 0:47:11]} 57. Kb6 {[%clk 0:18:00]} Rb1+
{[%clk 0:47:37]} 58. Kc6 {[%clk 0:18:27]} Ra1 {[%clk 0:48:03]} 59. Kd6
{[%clk 0:18:09]} Kg7 {[%clk 0:45:14]} 60. Kd7 {[%clk 0:18:24]} Ra2
{[%clk 0:45:17]} 61. g6 {[%clk 0:18:09]} Kxg6 {[%clk 0:45:43]} 62. Rg8+
{[%clk 0:18:24]} Kf5 {[%clk 0:46:11]} 63. a8=Q {[%clk 0:18:47]} Rxa8
{[%clk 0:46:39]} 64. Rxa8 {[%clk 0:19:12]} Kxe5 {[%clk 0:47:07]} 65. Ra5+
{[%clk 0:18:09]} Ke4 {[%clk 0:47:12]} 66. Kd6 {[%clk 0:18:26]} f5
{[%clk 0:47:32]} 67. Ra4+ {[%clk 0:18:49]} 1-0

[Event "World Chess Olympiad 2018"]
[Site "Batumi"]
[Date "2018.09.28"]
[Round "5"]
[Board "2"]
[WhiteFideId "2210622"]
[White "Perez Candelario Manuel"]
[BlackFideId "14102951"]
[Black "Eljanov Pavel"]
[Result "1-0"]
[LiveChessVersion "1.4.8"]
[BlackElo "2703"]
[WhiteElo "2590"]

1. e4 {[%clk 1:30:57]} e5 {[%clk 1:30:52]} 2. Nf3 {[%clk 1:31:23]} Nc6
{[%clk 1:31:18]} 3. d4 {[%clk 1:31:48]} exd4 {[%clk 1:31:43]} 4. Bc4
{[%clk 1:32:15]} Nf6 {[%clk 1:28:43]} 5. e5 {[%clk 1:32:35]} d5 {[%clk 1:28:36]}
6. Bb5 {[%clk 1:33:00]} Ne4 {[%clk 1:28:14]} 7. Nxd4 {[%clk 1:33:12]} Bd7
{[%clk 1:27:59]} 8. Bxc6 {[%clk 1:33:27]} bxc6 {[%clk 1:28:21]} 9. O-O
{[%clk 1:33:08]} Bc5 {[%clk 1:24:24]} 10. f3 {[%clk 1:33:24]} Ng5
{[%clk 1:24:15]} 11. Be3 {[%clk 1:31:22]} Bb6 {[%clk 1:19:14]} 12. f4
{[%clk 1:31:35]} Ne6 {[%clk 1:13:58]} 13. c3 {[%clk 1:20:13]} g6 {[%clk 0:55:30]}
14. Nd2 {[%clk 1:14:06]} Qe7 {[%clk 0:50:11]} 15. Qf3 {[%clk 1:05:44]} Rb8
{[%clk 0:41:40]} 16. b3 {[%clk 0:56:05]} c5 {[%clk 0:35:52]} 17. Ne2
{[%clk 0:53:46]} d4 {[%clk 0:30:34]} 18. Bf2 {[%clk 0:51:47]} O-O
{[%clk 0:30:52]} 19. Ne4 {[%clk 0:37:38]} Bc6 {[%clk 0:30:26]} 20. Nf6+
{[%clk 0:34:33]} Qxf6 {[%clk 0:30:52]} 21. Qxc6 {[%clk 0:34:59]} Qf5
{[%clk 0:26:14]} 22. Ng3 {[%clk 0:22:41]} Qxf4 {[%clk 0:22:29]} 23. Ne4
{[%clk 0:23:04]} dxc3 {[%clk 0:15:50]} 24. Kh1 {[%clk 0:23:00]} Rfd8
{[%clk 0:08:09]} 25. Bg3 {[%clk 0:11:31]} Nd4 {[%clk 0:07:54]} 26. Nf6+
{[%clk 0:11:56]} Kg7 {[%clk 0:06:18]} 27. Qa4 {[%clk 0:12:21]} Qg5
{[%clk 0:04:40]} 28. Qc4 {[%clk 0:10:54]} Ne6 {[%clk 0:04:48]} 29. Bh4
{[%clk 0:09:10]} Qh6 {[%clk 0:02:24]} 30. Nd5 {[%clk 0:08:05]} g5
{[%clk 0:02:46]} 31. Bg3 {[%clk 0:08:14]} Rd7 {[%clk 0:02:12]} 32. Ne3
{[%clk 0:07:22]} Qg6 {[%clk 0:02:04]} 33. Qxc3 {[%clk 0:06:42]} Qd3
{[%clk 0:00:46]} 34. Qe1 {[%clk 0:06:42]} Qd2 {[%clk 0:00:54]} 35. Nf5+
{[%clk 0:06:25]} Kh8 {[%clk 0:01:17]} 36. Qe4 {[%clk 0:06:40]} Qd3
{[%clk 0:01:03]} 37. Qg4 {[%clk 0:06:50]} Rbd8 {[%clk 0:01:02]} 38. h4
{[%clk 0:06:21]} c4 {[%clk 0:00:57]} 39. bxc4 {[%clk 0:05:42]} Qc2
{[%clk 0:00:32]} 40. Nh6 {[%clk 0:32:50]} Kg7 {[%clk 0:30:38]} 41. Nxf7
{[%clk 0:26:49]} Rxf7 {[%clk 0:27:14]} 42. Qxe6 {[%clk 0:27:06]} Rdf8
{[%clk 0:25:25]} 43. Rf6 {[%clk 0:22:31]} Bd4 {[%clk 0:04:51]} 44. Raf1
{[%clk 0:22:32]} Rxf6 {[%clk 0:05:09]} 45. exf6+ {[%clk 0:20:59]} Rxf6
{[%clk 0:03:08]} 46. Be5 {[%clk 0:19:14]} 1-0

[Event "World Chess Olympiad 2018"]
[Site "Batumi"]
[Date "2018.09.28"]
[Round "5"]
[Board "3"]
[WhiteFideId "14109182"]
[White "Kryvoruchko Yuriy"]
[BlackFideId "2212943"]
[Black "Lopez Martinez Josep Manuel"]
[Result "1-0"]
[LiveChessVersion "1.4.8"]
[BlackElo "2581"]
[WhiteElo "2695"]

1. e4 {[%clk 1:30:57]} e5 {[%clk 1:30:52]} 2. Nf3 {[%clk 1:31:18]} Nc6
{[%clk 1:31:12]} 3. Bb5 {[%clk 1:31:38]} Nf6 {[%clk 1:31:25]} 4. d3
{[%clk 1:31:34]} Bc5 {[%clk 1:30:46]} 5. Nbd2 {[%clk 1:31:12]} d6
{[%clk 1:26:58]} 6. O-O {[%clk 1:31:14]} O-O {[%clk 1:27:05]} 7. c3
{[%clk 1:31:36]} Bg4 {[%clk 1:22:14]} 8. h3 {[%clk 1:29:35]} Bh5 {[%clk 1:22:36]}
9. Re1 {[%clk 1:29:55]} a5 {[%clk 1:17:09]} 10. Nf1 {[%clk 1:24:44]} Ne7
{[%clk 1:14:43]} 11. Ng3 {[%clk 1:14:02]} Bg6 {[%clk 1:11:59]} 12. Nh4
{[%clk 1:05:48]} c6 {[%clk 1:11:52]} 13. Ba4 {[%clk 1:06:13]} Nd7
{[%clk 1:04:04]} 14. d4 {[%clk 1:03:24]} Ba7 {[%clk 1:03:46]} 15. f4
{[%clk 1:01:18]} exf4 {[%clk 0:57:24]} 16. Bxf4 {[%clk 1:01:41]} d5
{[%clk 0:54:04]} 17. Bc2 {[%clk 0:46:00]} dxe4 {[%clk 0:53:41]} 18. Nxe4
{[%clk 0:45:31]} Nd5 {[%clk 0:52:51]} 19. Nxg6 {[%clk 0:44:08]} hxg6
{[%clk 0:52:59]} 20. Bd6 {[%clk 0:40:50]} Re8 {[%clk 0:52:51]} 21. Qf3
{[%clk 0:40:26]} N7b6 {[%clk 0:44:03]} 22. Bg3 {[%clk 0:38:32]} Bb8
{[%clk 0:43:53]} 23. Nc5 {[%clk 0:34:45]} Bxg3 {[%clk 0:43:00]} 24. Qxg3
{[%clk 0:34:30]} Nc4 {[%clk 0:38:02]} 25. Rxe8+ {[%clk 0:26:18]} Qxe8
{[%clk 0:38:05]} 26. Re1 {[%clk 0:26:40]} Qd8 {[%clk 0:25:35]} 27. Bb3
{[%clk 0:26:40]} b5 {[%clk 0:21:50]} 28. Nd3 {[%clk 0:21:57]} a4 {[%clk 0:16:00]}
29. Bxc4 {[%clk 0:22:21]} bxc4 {[%clk 0:16:25]} 30. Ne5 {[%clk 0:22:48]} a3
{[%clk 0:16:38]} 31. bxa3 {[%clk 0:22:41]} Qc7 {[%clk 0:15:26]} 32. Qf3
{[%clk 0:22:15]} Rxa3 {[%clk 0:13:45]} 33. Nxg6 {[%clk 0:22:05]} Qd8
{[%clk 0:05:40]} 34. Ne5 {[%clk 0:21:42]} Qf6 {[%clk 0:06:07]} 35. Rf1
{[%clk 0:12:17]} Qxf3 {[%clk 0:06:29]} 36. Rxf3 {[%clk 0:12:43]} Rxc3
{[%clk 0:06:42]} 37. Rxc3 {[%clk 0:11:57]} Nxc3 {[%clk 0:07:09]} 38. a3
{[%clk 0:12:15]} Ne2+ {[%clk 0:07:08]} 39. Kf2 {[%clk 0:12:38]} Nxd4
{[%clk 0:07:36]} 40. Nxc4 {[%clk 0:43:00]} Kf8 {[%clk 0:37:51]} 41. Ke3
{[%clk 0:43:11]} Ne6 {[%clk 0:34:31]} 42. a4 {[%clk 0:40:10]} Ke7
{[%clk 0:34:38]} 43. a5 {[%clk 0:40:34]} Nc7 {[%clk 0:30:11]} 44. Kd4
{[%clk 0:38:48]} Ne6+ {[%clk 0:30:29]} 45. Ke5 {[%clk 0:29:59]} g6
{[%clk 0:27:22]} 46. h4 {[%clk 0:29:22]} f6+ {[%clk 0:27:26]} 47. Ke4
{[%clk 0:29:48]} Nc5+ {[%clk 0:27:34]} 48. Kd4 {[%clk 0:30:03]} Ne6+
{[%clk 0:27:42]} 49. Ke3 {[%clk 0:30:19]} Nc5 {[%clk 0:22:48]} 50. Nd2
{[%clk 0:30:09]} Ke6 {[%clk 0:19:09]} 51. g4 {[%clk 0:24:34]} Na6
{[%clk 0:11:07]} 52. Nf3 {[%clk 0:24:47]} c5 {[%clk 0:10:18]} 53. Ne1
{[%clk 0:20:08]} Nb4 {[%clk 0:09:05]} 54. Nd3 {[%clk 0:18:09]} Nd5+
{[%clk 0:09:27]} 55. Kd2 {[%clk 0:14:51]} c4 {[%clk 0:09:23]} 56. Nc5+
{[%clk 0:15:11]} Ke5 {[%clk 0:09:07]} 57. a6 {[%clk 0:15:10]} c3+
{[%clk 0:09:09]} 58. Kc1 {[%clk 0:14:38]} Nc7 {[%clk 0:05:44]} 59. a7
{[%clk 0:15:04]} Na8 {[%clk 0:03:43]} 60. Nd3+ {[%clk 0:13:42]} Kd6
{[%clk 0:01:24]} 61. Kc2 {[%clk 0:12:21]} Nc7 {[%clk 0:00:53]} 62. h5
{[%clk 0:12:42]} gxh5 {[%clk 0:01:07]} 63. gxh5 {[%clk 0:13:09]} Ke7
{[%clk 0:00:42]} 64. Nf4 {[%clk 0:13:34]} Kf7 {[%clk 0:01:09]} 65. Nd5
{[%clk 0:13:57]} Na8 {[%clk 0:01:24]} 66. Kxc3 {[%clk 0:14:23]} Kg7
{[%clk 0:01:42]} 67. Kb4 {[%clk 0:14:46]} f5 {[%clk 0:02:06]} 68. Kc5
{[%clk 0:15:11]} Kh6 {[%clk 0:02:19]} 69. Kc6 {[%clk 0:15:16]} 1-0

[Event "World Chess Olympiad 2018"]
[Site "Batumi"]
[Date "2018.09.28"]
[Round "5"]
[Board "4"]
[WhiteFideId "3503054"]
[White "Vazquez Igarza Renier"]
[BlackFideId "14103320"]
[Black "Ponomariov Ruslan"]
[Result "1/2-1/2"]
[LiveChessVersion "1.4.8"]
[BlackElo "2681"]
[WhiteElo "2573"]

1. Nf3 {[%clk 1:30:56]} d5 {[%clk 1:30:32]} 2. d4 {[%clk 1:30:54]} Nf6
{[%clk 1:30:46]} 3. c4 {[%clk 1:30:37]} e6 {[%clk 1:30:55]} 4. Nc3
{[%clk 1:30:06]} dxc4 {[%clk 1:31:02]} 5. e4 {[%clk 1:29:42]} b5 {[%clk 1:31:03]}
6. e5 {[%clk 1:28:52]} Nd5 {[%clk 1:31:22]} 7. Nxb5 {[%clk 1:29:12]} Nb6
{[%clk 1:31:37]} 8. Be2 {[%clk 1:28:48]} Bb7 {[%clk 1:26:47]} 9. O-O
{[%clk 1:28:26]} Be7 {[%clk 1:26:47]} 10. Qd2 {[%clk 1:24:11]} Nc6
{[%clk 1:16:44]} 11. Rd1 {[%clk 1:22:59]} Nb4 {[%clk 0:57:52]} 12. Nc3
{[%clk 0:52:46]} O-O {[%clk 0:48:42]} 13. Qf4 {[%clk 0:51:18]} f5
{[%clk 0:47:47]} 14. Qg3 {[%clk 0:42:05]} Kh8 {[%clk 0:39:04]} 15. a3
{[%clk 0:42:13]} N4d5 {[%clk 0:30:26]} 16. h4 {[%clk 0:28:45]} Rb8
{[%clk 0:27:24]} 17. Bg5 {[%clk 0:24:43]} h6 {[%clk 0:25:42]} 18. Bxe7
{[%clk 0:19:08]} Nxe7 {[%clk 0:25:43]} 19. Rac1 {[%clk 0:17:18]} Bd5
{[%clk 0:21:55]} 20. Rd2 {[%clk 0:12:59]} Qd7 {[%clk 0:18:23]} 21. Nxd5
{[%clk 0:11:27]} exd5 {[%clk 0:18:44]} 22. Bd1 {[%clk 0:10:29]} f4
{[%clk 0:18:42]} 23. Qh3 {[%clk 0:08:14]} Qxh3 {[%clk 0:18:55]} 24. gxh3
{[%clk 0:08:43]} Rfc8 {[%clk 0:15:29]} 25. h5 {[%clk 0:07:23]} c5
{[%clk 0:14:31]} 26. Kg2 {[%clk 0:05:20]} Nd7 {[%clk 0:09:25]} 27. Ba4
{[%clk 0:05:30]} Nb6 {[%clk 0:09:45]} 28. Bb5 {[%clk 0:04:46]} Na8
{[%clk 0:09:56]} 29. Ba4 {[%clk 0:04:37]} Nb6 {[%clk 0:10:21]} 30. Bb5
{[%clk 0:05:01]} Na8 {[%clk 0:10:48]} 31. Ba4 {[%clk 0:04:56]} Nb6
{[%clk 0:11:13]} 1/2-1/2